Loading...
| Science - Physics | 0 | 6 | 0 | 0 | 60 | 87 | 108.50 | 0 | 1 |
| Science - Chemistry | 0 | 5 | 1 | 2 | 45 | 106 | 119.40 | 0 | 3 |
| Other | 0 | 4 | 0 | 0 | 40 | 94 | 106.00 | 0 | 0 |
| History - American History | 0 | 4 | 0 | 0 | 40 | 105 | 126.00 | 0 | 0 |
| Fine Arts - Classical Music | 0 | 3 | 0 | 0 | 30 | 128 | 134.00 | 0 | 0 |
| History - Other History | 0 | 3 | 0 | 1 | 30 | 101 | 125.33 | 0 | 1 |
| Philosophy | 0 | 3 | 0 | 0 | 30 | 109 | 115.00 | 0 | 0 |
| Science - Biology | 0 | 3 | 0 | 0 | 30 | 83 | 109.67 | 0 | 1 |
| Science - Other Science | 0 | 3 | 0 | 1 | 30 | 29 | 101.67 | 0 | 1 |
| Religion | 0 | 3 | 1 | 1 | 25 | 89 | 111.67 | 0 | 0 |
| History - World History | 0 | 2 | 1 | 1 | 15 | 104 | 116.50 | 0 | 0 |
| Social Science | 0 | 1 | 0 | 0 | 10 | 119 | 119.00 | 0 | 1 |
| Mythology | 0 | 1 | 0 | 1 | 10 | 135 | 135.00 | 0 | 0 |
| History - European History | 0 | 1 | 0 | 1 | 10 | 132 | 132.00 | 0 | 0 |
| Fine Arts - Painting & Sculpture | 0 | 1 | 0 | 0 | 10 | 131 | 131.00 | 0 | 0 |
| Literature - World Literature | 0 | 0 | 0 | 0 | 0 | 0.00 | 0 | 0 |